[Event "SR 2. liga A 2016/2017"]
[Site "?"]
[Date "2016.10.08"]
[Round "1.2"]
[White "Planka, Peter"]
[Black "Kostolansky, Sebastian Lukas"]
[Result "0-1"]
[WhiteElo "1781"]
[BlackElo "1984"]
[PlyCount "64"]
[EventDate "2016.??.??"]

1. e4 e6 2. b3 d5 3. Bb2 Nf6 4. e5 Nfd7 5. Nf3 c5 6. c3 Qa5 7. d4 cxd4 8. Qxd4
Nc6 9. Qf4 Qc7 10. Bb5 Bc5 11. O-O O-O 12. b4 Bb6 13. Bxc6 bxc6 14. c4 dxc4 15.
Qxc4 a5 16. Rc1 axb4 17. Qxb4 Rb8 18. Qd2 Rd8 19. Qc2 Qa7 20. Ba3 c5 21. Bb2 c4
22. Ba3 Bb7 23. Ng5 g6 24. Bd6 Rbc8 25. Nc3 Qa8 26. Na4 Bd4 27. Rab1 Bxg2 28.
Re1 Bc6 29. Rb4 Bxa4 30. Rxa4 Qd5 31. Qe4 Qxe4 32. Rxe4 Bxe5 0-1

[Event "SR 2. liga A 2016/2017"]
[Site "?"]
[Date "2016.10.08"]
[Round "1.2"]
[White "Cambel, Vladimir"]
[Black "Zlamal, Marek"]
[Result "1-0"]
[WhiteElo "2058"]
[BlackElo "1766"]
[PlyCount "63"]
[EventDate "2016.??.??"]

1. Nf3 c5 2. c4 Nc6 3. Nc3 Nf6 4. g3 d6 5. Bg2 e5 6. O-O Be7 7. e3 Bg4 8. h3
Bh5 9. Qa4 O-O 10. a3 Nd7 11. b4 Nb6 12. Qb3 Kh8 13. Bb2 f5 14. Nd5 e4 15. Nh2
Ne5 16. Bxe5 dxe5 17. g4 Nxd5 18. cxd5 Bf7 19. gxf5 Bxd5 20. Qc2 Rxf5 21. Bxe4
Rg5+ 22. Kh1 cxb4 23. axb4 Bxb4 24. Rg1 Bxe4+ 25. Qxe4 Rxg1+ 26. Rxg1 Qe7 27.
Ng4 Bxd2 28. Rb1 Rb8 29. Nxe5 Bc3 30. Ng6+ hxg6 31. Qxe7 a5 32. Qc7 1-0

[Event "SR 2. liga A 2016/2017"]
[Site "?"]
[Date "2016.10.08"]
[Round "1.2"]
[White "Jarabek, Milan"]
[Black "Hudec, Jan"]
[Result "0-1"]
[WhiteElo "1706"]
[BlackElo "2036"]
[PlyCount "88"]
[EventDate "2016.??.??"]

1. Nf3 d5 2. g3 c6 3. d4 Nf6 4. Bg2 Bg4 5. O-O e6 6. Bg5 Bd6 7. c4 h6 8. Bxf6
Qxf6 9. cxd5 exd5 10. Nbd2 O-O 11. Qb3 Qe7 12. e3 a5 13. Rfe1 Na6 14. e4 Be6
15. e5 Bc7 16. a3 Qd7 17. Nh4 b5 18. f4 Bb6 19. Qd3 f5 20. exf6 Rxf6 21. Ndf3
Qa7 22. f5 Bf7 23. Re2 Bh5 24. Re6 Raf8 25. Rxf6 Rxf6 26. Re1 Qd7 27. Ne5 Qa7
28. Nhf3 Bxf3 29. Nxf3 Qd7 30. g4 Nc7 31. Ne5 Qd6 32. Kh1 a4 33. Nf3 Qf4 34. h3
Ba5 35. Re7 Qd6 36. Re2 b4 37. axb4 Bxb4 38. Rc2 Qg3 39. Ne5 Qe1+ 40. Kh2 Bd6
41. Re2 Qc1 42. Qe3 Qxe3 43. Rxe3 Nb5 44. Rd3 Nxd4 0-1

[Event "SR 2. liga A 2016/2017"]
[Site "?"]
[Date "2016.10.08"]
[Round "1.2"]
[White "Briestenska, Andrea"]
[Black "Antalek, Rudolf"]
[Result "1-0"]
[WhiteElo "1991"]
[BlackElo "1698"]
[PlyCount "33"]
[EventDate "2016.??.??"]

1. f4 d5 2. Nf3 Nc6 3. e3 Bg4 4. Bb5 a6 5. Bxc6+ bxc6 6. b3 Nf6 7. Bb2 g6 8. h3
Bxf3 9. Qxf3 Bg7 10. O-O O-O 11. d3 Nd7 12. Bxg7 Kxg7 13. Nd2 e5 14. e4 d4 15.
f5 Qe7 16. Nc4 Nb6 17. f6+ 1-0

[Event "SR 2. liga A 2016/2017"]
[Site "?"]
[Date "2016.10.08"]
[Round "1.3"]
[White "Karas, Marek"]
[Black "Lintner, Igor"]
[Result "1/2-1/2"]
[WhiteElo "2196"]
[BlackElo "2065"]
[PlyCount "55"]
[EventDate "2016.??.??"]

1. d4 e6 2. Bf4 Nf6 3. e3 d5 4. Bd3 c5 5. c3 Nc6 6. h3 Bd6 7. Bxd6 Qxd6 8. f4
cxd4 9. cxd4 Bd7 10. Nc3 g5 11. g3 Rg8 12. Qf3 gxf4 13. gxf4 Nb4 14. Bb1 Ne4
15. Nge2 Rc8 16. a3 Qa6 17. Nxe4 dxe4 18. Bxe4 Bc6 19. Rc1 Nd3+ 20. Bxd3 Qxd3
21. d5 Bxd5 22. Rxc8+ Kd7 23. Rc3 Qxc3+ 24. Nxc3 Bxf3 25. Rh2 Bc6 26. Kf2 f5
27. Ne2 Be4 28. Nc3 1/2-1/2

[Event "SR 2. liga A 2016/2017"]
[Site "?"]
[Date "2016.10.08"]
[Round "1.3"]
[White "Bednar, Jan"]
[Black "Gasa, Patrik"]
[Result "0-1"]
[WhiteElo "2072"]
[BlackElo "2133"]
[PlyCount "56"]
[EventDate "2016.??.??"]

1. d4 f5 2. g3 Nf6 3. Bg2 d5 4. Nf3 e6 5. O-O Be7 6. c4 c6 7. b3 O-O 8. Ba3 Ne4
9. Bxe7 Qxe7 10. e3 Nd7 11. Qc2 Ndf6 12. Ne5 Bd7 13. Nc3 Nxc3 14. Qxc3 Be8 15.
Rfc1 g5 16. cxd5 exd5 17. b4 a6 18. a4 Ne4 19. Qb2 Nd6 20. Rab1 f4 21. Re1 Qg7
22. Qc3 Bg6 23. Rb2 Rf6 24. Nxg6 Qxg6 25. exf4 gxf4 26. h3 Raf8 27. Re5 Nc4 28.
Rxd5 Nxb2 0-1

[Event "SR 2. liga A 2016/2017"]
[Site "?"]
[Date "2016.10.08"]
[Round "1.3"]
[White "Cajka, Tibor"]
[Black "Macka, Oto"]
[Result "1/2-1/2"]
[WhiteElo "2081"]
[BlackElo "2056"]
[PlyCount "73"]
[EventDate "2016.??.??"]

1. e4 e5 2. Nf3 Nc6 3. Bb5 a6 4. Ba4 Nf6 5. O-O Be7 6. Re1 b5 7. Bb3 O-O 8. h3
d6 9. c3 Nb8 10. d4 Nbd7 11. Nbd2 Bb7 12. Bc2 Re8 13. Nf1 Bf8 14. Ng3 g6 15.
Bg5 h6 16. Bd2 c5 17. d5 c4 18. a4 Qc7 19. a5 Bg7 20. Qc1 Kh7 21. Nh4 Nc5 22.
Re3 Bc8 23. Rf3 Nb7 24. Ra3 Ng8 25. Re3 Bf6 26. Nf3 Nxa5 27. Qa1 Bd8 28. Re1
Nf6 29. Qa2 Nd7 30. Ra1 Nb3 31. Bxb3 cxb3 32. Qxb3 Nb6 33. Bc1 Be7 34. R3a2 f5
35. exf5 gxf5 36. Qc2 Rf8 37. Qd2 1/2-1/2

[Event "SR 2. liga A 2016/2017"]
[Site "?"]
[Date "2016.10.08"]
[Round "1.3"]
[White "Helbich, Branislav"]
[Black "Diviak, Rastislav"]
[Result "1/2-1/2"]
[WhiteElo "1958"]
[BlackElo "1973"]
[PlyCount "50"]
[EventDate "2016.??.??"]

1. e4 d6 2. d4 Nf6 3. Bd3 g6 4. h3 Bg7 5. Be3 O-O 6. Nd2 Nbd7 7. f4 c5 8. c3
Qc7 9. Rc1 a6 10. Ne2 b5 11. O-O Bb7 12. Ng3 Rac8 13. Nf3 Qa5 14. Bb1 cxd4 15.
Bxd4 Qc7 16. Qe2 Nc5 17. f5 d5 18. e5 Nfe4 19. Qe1 Rcd8 20. b4 Nxg3 21. Qxg3
Ne4 22. Bxe4 dxe4 23. Nd2 Rd5 24. fxg6 hxg6 25. Rfe1 Bxe5 1/2-1/2

[Event "SR 2. liga A 2016/2017"]
[Site "?"]
[Date "2016.10.08"]
[Round "1.3"]
[White "Ocko, Martin"]
[Black "Goga, Frantisek"]
[Result "1/2-1/2"]
[WhiteElo "1899"]
[BlackElo "2010"]
[PlyCount "48"]
[EventDate "2016.??.??"]

1. e4 c5 2. Nf3 d6 3. d4 cxd4 4. Nxd4 Nf6 5. Nc3 a6 6. Bg5 e6 7. f4 Be7 8. Qf3
Nbd7 9. O-O-O Qc7 10. Kb1 O-O 11. g4 b5 12. a3 Bb7 13. Bd3 Nc5 14. h4 d5 15.
Bxf6 dxe4 16. Bxe4 Bxf6 17. Bxb7 Nxb7 18. g5 Bxd4 19. Rxd4 Rad8 20. Rxd8 Rxd8
21. h5 Rd4 22. Rf1 Nd6 23. Qa8+ Qc8 24. Qxc8+ Nxc8 1/2-1/2

[Event "SR 2. liga A 2016/2017"]
[Site "?"]
[Date "2016.10.08"]
[Round "1.3"]
[White "Novak, Stanislav"]
[Black "Sobek, Michal"]
[Result "1-0"]
[WhiteElo "1957"]
[BlackElo "1823"]
[PlyCount "109"]
[EventDate "2016.??.??"]

1. e4 d5 2. e5 Nc6 3. d4 Bf5 4. Nf3 e6 5. Be2 Nb4 6. Na3 c5 7. c3 Nc6 8. Nc2
Rc8 9. O-O Bxc2 10. Qxc2 cxd4 11. Qa4 dxc3 12. Bb5 Qb6 13. Be3 Bc5 14. Bxc5
Qxc5 15. Rac1 a6 16. Bxc6+ Qxc6 17. Qa3 Qc5 18. Qa4+ Qc6 19. Qa3 Ne7 20. Rxc3
Qd7 21. Rfc1 O-O 22. Qd6 Qxd6 23. exd6 Rxc3 24. Rxc3 Nc6 25. a4 Rd8 26. b4 Kf8
27. b5 axb5 28. axb5 Na5 29. Rc7 Rxd6 30. Ne5 Ke8 31. f4 f6 32. Nd3 Rd7 33.
Rc8+ Kf7 34. Nc5 Re7 35. g4 Nc4 36. Rb8 Nd6 37. b6 Re8 38. Rxe8 Kxe8 39. Nxe6
Kd7 40. Nxg7 Kc6 41. h4 Kxb6 42. g5 Ne4 43. Ne6 h6 44. g6 f5 45. Ng7 d4 46. Kf1
Kc5 47. Nxf5 Nf6 48. Nxh6 Kc4 49. Nf5 d3 50. g7 Kc3 51. h5 d2 52. Ke2 Ng8 53.
Kd1 Nf6 54. h6 Kd3 55. g8=Q 1-0

[Event "SR 2. liga A 2016/2017"]
[Site "?"]
[Date "2016.10.08"]
[Round "1.3"]
[White "Henc, Marian"]
[Black "Trojkova, Michaela"]
[Result "1/2-1/2"]
[WhiteElo "1896"]
[BlackElo "1703"]
[PlyCount "46"]
[EventDate "2016.??.??"]

1. c4 c5 2. Nf3 Nc6 3. g3 g6 4. Bg2 Bg7 5. Nc3 Nf6 6. d3 O-O 7. Bd2 d5 8. cxd5
Nxd5 9. Qc1 b6 10. Bh6 Bb7 11. Bxg7 Kxg7 12. h4 h5 13. O-O Nd4 14. Nxd4 cxd4
15. Ne4 Rc8 16. Qd1 Qd7 17. Kh2 Rc7 18. Qd2 Rfc8 19. Rac1 Rxc1 20. Rxc1 Rxc1
21. Qxc1 Qc6 22. Qd2 Nf6 23. Bf3 Nxe4 1/2-1/2

[Event "SR 2. liga A 2016/2017"]
[Site "?"]
[Date "2016.10.08"]
[Round "1.4"]
[White "Pechac, Jergus"]
[Black "Schwarz, Dusan"]
[Result "1-0"]
[WhiteElo "2431"]
[BlackElo "2276"]
[PlyCount "103"]
[EventDate "2016.??.??"]

1. d4 d5 2. c4 c6 3. Nc3 Nf6 4. Nf3 e6 5. Bg5 dxc4 6. e4 b5 7. e5 h6 8. Bh4 g5
9. Nxg5 hxg5 10. Bxg5 Nbd7 11. g3 Qc7 12. exf6 Bb7 13. Bg2 c5 14. d5 b4 15. d6
Qb6 16. Ne4 O-O-O 17. O-O Bd5 18. b3 c3 19. a3 Bh6 20. Qe2 Bxg5 21. Nxg5 Bxg2
22. Kxg2 Qb7+ 23. Qe4 Rh5 24. Qxb7+ Kxb7 25. h4 Nxf6 26. axb4 cxb4 27. Ra4 Rxd6
28. Rfa1 a6 29. Rxb4+ Rb6 30. Rf4 e5 31. Rf3 Nd5 32. Rxf7+ Kc6 33. Ne4 Rxb3 34.
Ra5 Rb5 35. Rxa6+ Rb6 36. Ra4 Rb3 37. Rc4+ Kb6 38. Rd7 Rb5 39. Rd6+ Ka7 40.
Nxc3 Nxc3 41. Rxc3 Rb2 42. Rc7+ Kb8 43. Rg7 Rh8 44. Rdg6 Rf8 45. Rg8 Rbxf2+ 46.
Kh3 Rxg8 47. Rxg8+ Kc7 48. h5 Kd6 49. g4 e4 50. h6 Rf7 51. Re8 Rf1 52. Kg2 1-0

[Event "SR 2. liga A 2016/2017"]
[Site "?"]
[Date "2016.10.08"]
[Round "1.4"]
[White "Dudas, Jan"]
[Black "Jablonicky, Martin"]
[Result "1/2-1/2"]
[WhiteElo "2206"]
[BlackElo "2230"]
[PlyCount "88"]
[EventDate "2016.??.??"]

1. e4 d6 2. d4 Nf6 3. Nc3 g6 4. Bg5 c6 5. f4 Bg7 6. Nf3 Qa5 7. Qd2 Bg4 8. Bd3
Bxf3 9. gxf3 Nbd7 10. O-O-O e5 11. dxe5 dxe5 12. Bc4 O-O 13. f5 b5 14. Bb3 Nc5
15. fxg6 Nxb3+ 16. axb3 hxg6 17. Qd6 Nh7 18. Be3 Rac8 19. b4 Qc7 20. Qxc7 Rxc7
21. h4 Nf6 22. Rd6 Nh5 23. Bg5 f6 24. Be3 Rfc8 25. Rg1 Bf8 26. Rd2 Kf7 27. Rdg2
Bxb4 28. Rxg6 Bf8 29. Ne2 Ke6 30. R1g5 Rh7 31. Rg1 Kf7 32. c3 a5 33. R6g4 a4
34. Kc2 Rd8 35. f4 Bh6 36. Bc1 Bxf4 37. Bxf4 Nxf4 38. Nxf4 exf4 39. Rxf4 Ke6
40. Rg6 Rf8 41. Kd3 Rh5 42. Ke3 Rc5 43. Kd3 Rh5 44. Ke3 Rc5 1/2-1/2

[Event "SR 2. liga A 2016/2017"]
[Site "?"]
[Date "2016.10.08"]
[Round "1.4"]
[White "Balogh, Tomas"]
[Black "Cech, Dominik"]
[Result "1/2-1/2"]
[WhiteElo "2331"]
[BlackElo "2130"]
[PlyCount "108"]
[EventDate "2016.??.??"]

1. d4 Nf6 2. Nf3 g6 3. g3 Bg7 4. Bg2 O-O 5. c4 d6 6. Nc3 Nc6 7. d5 Na5 8. Nd2
c5 9. Qc2 a6 10. b3 Rb8 11. Bb2 b5 12. O-O Bh6 13. f4 bxc4 14. bxc4 Ng4 15. Nd1
Rxb2 16. Qxb2 Bg7 17. Qc1 Bd4+ 18. Kh1 Bxa1 19. Qxa1 Qb6 20. h3 Qb4 21. Qc1 Nf6
22. Nf2 Bd7 23. Nd3 Qa4 24. Qc3 Rb8 25. Kh2 Bf5 26. e4 Nxe4 27. Bxe4 Bxe4 28.
Nxe4 Qxa2+ 29. Nef2 Rb3 30. Ra1 Qxf2+ 31. Nxf2 Rxc3 32. Rxa5 Rxc4 33. Rxa6 Rd4
34. Ra7 Kf8 35. Ra8+ Kg7 36. Re8 Rxd5 37. Rxe7 Kf6 38. Rc7 Ke6 39. Kg2 h5 40.
Kf3 Rd4 41. g4 hxg4+ 42. hxg4 Ra4 43. Ne4 Ra3+ 44. Ke2 f6 45. Rc8 f5 46. Ng5+
Kd7 47. Rg8 Ra4 48. Ke3 Ra3+ 49. Kd2 fxg4 50. Rxg6 g3 51. Ne4 g2 52. Ke2 Ra2+
53. Kf3 Ke7 54. Nxd6 g1=N+ 1/2-1/2

[Event "SR 2. liga A 2016/2017"]
[Site "?"]
[Date "2016.10.08"]
[Round "1.5"]
[White "Petrik, Stanislav"]
[Black "Slobodnik, Michal"]
[Result "0-1"]
[WhiteElo "2120"]
[BlackElo "2063"]
[PlyCount "134"]
[EventDate "2016.??.??"]

1. e4 Nf6 2. e5 Nd5 3. c4 Nb6 4. c5 Nd5 5. Nc3 e6 6. d4 b6 7. Nxd5 exd5 8. cxb6
axb6 9. Nf3 Be7 10. Bd3 Ba6 11. O-O c6 12. Re1 Bxd3 13. Qxd3 Na6 14. Bd2 Nc7
15. a3 Ne6 16. g3 O-O 17. Re2 Ra4 18. Bc3 Qa8 19. Rae1 c5 20. Rd1 c4 21. Qf5 b5
22. h4 h6 23. Qg4 Qc6 24. Ne1 g6 25. Ng2 h5 26. Qh3 Rb8 27. f4 Bxa3 28. bxa3
Rxa3 29. Bb2 Ra2 30. f5 Nxd4 31. Bxd4 Rxe2 32. Nf4 Re4 33. fxg6 fxg6 34. Bc3
Qc5+ 35. Kh1 d4 36. Qxd7 Qxe5 37. Nxg6 Qe6 38. Qc7 Re8 39. Nf4 Qg4 40. Rf1 R4e7
41. Qd6 Rd7 42. Qh6 dxc3 43. Nxh5 Qe4+ 44. Kg1 Qe3+ 45. Qxe3 Rxe3 46. Nf6+ Kg7
47. Nxd7 Rd3 48. Rc1 b4 49. Ne5 b3 50. Nxc4 b2 51. Re1 b1=Q 52. Rxb1 c2 53. Rf1
Rd1 54. Ne3 Rxf1+ 55. Kxf1 c1=Q+ 56. Kf2 Qd2+ 57. Kf3 Qe1 58. Nf5+ Kf6 59. Ne3
Qh1+ 60. Kf4 Kg6 61. Ng4 Qf1+ 62. Ke3 Kh5 63. Ne5 Qe1+ 64. Kf4 Qd2+ 65. Kf3
Qc3+ 66. Kf4 Qd4+ 67. Kf5 Qf2+ 0-1

[Event "SR 2. liga A 2016/2017"]
[Site "?"]
[Date "2016.10.08"]
[Round "1.4"]
[White "Packa, Ladislav"]
[Black "Nemsak, Denis"]
[Result "0-1"]
[WhiteElo "2161"]
[BlackElo "2013"]
[PlyCount "40"]
[EventDate "2016.??.??"]

1. d4 f5 2. g3 Nf6 3. Bg2 g6 4. Nc3 d5 5. Bg5 Ne4 6. Nxe4 fxe4 7. f3 exf3 8.
Nxf3 Bg7 9. Qd2 O-O 10. O-O-O Bf5 11. Ne5 Nc6 12. Nxc6 bxc6 13. e4 dxe4 14. Qe2
Qd5 15. c4 Qa5 16. a3 Rab8 17. Bd2 Qa4 18. Bc3 Bh6+ 19. Bd2 e3 20. Bc3 Qxa3 0-1

[Event "SR 2. liga A 2016/2017"]
[Site "?"]
[Date "2016.10.08"]
[Round "1.4"]
[White "Petrik, Karol"]
[Black "Jablonicky, Frantisek"]
[Result "1/2-1/2"]
[WhiteElo "2112"]
[BlackElo "2122"]
[PlyCount "201"]
[EventDate "2016.??.??"]

1. e4 c5 2. Nf3 d6 3. Bb5+ Nd7 4. O-O a6 5. Be2 Ngf6 6. d3 g6 7. Re1 Bg7 8.
Nbd2 O-O 9. Nf1 d5 10. Ng3 e6 11. c3 b5 12. e5 Ng4 13. d4 f6 14. h3 Nh6 15.
exf6 Qxf6 16. Bg5 Qf7 17. Qd2 Nf5 18. Nxf5 gxf5 19. Bf4 c4 20. Bf1 Nf6 21. Qe3
Qb7 22. Ne5 a5 23. b3 a4 24. b4 Nd7 25. Be2 Nxe5 26. Bxe5 Qf7 27. Bf3 Ra7 28.
Qf4 Qg6 29. Bxg7 Rxg7 30. h4 Qf7 31. Re5 Kh8 32. Rae1 Bd7 33. Kf1 Rfg8 34. Ke2
Qf6 35. Kd2 Rg6 36. R5e2 Qg7 37. Qe5 Qxe5 38. dxe5 f4 39. Rh1 h6 40. Rh2 R6g7
41. Kc1 Be8 42. Rd2 h5 43. Rd4 Rf8 44. Rh1 Kh7 45. Rg1 Kh6 46. Kd2 Rf5 47. Re1
Bg6 48. Kc1 Rf8 49. Rg1 Bd3 50. Kd2 Rf5 51. Re1 a3 52. Rxd3 cxd3 53. Kxd3 Rc7
54. Rb1 Rxe5 55. Rb3 Re1 56. Rxa3 Kg6 57. Kd2 Rf1 58. Ke2 Ra1 59. Kd2 Kf5 60.
Bxh5 Rg1 61. Bf3 e5 62. Be2 Rxg2 63. Ke1 Rb7 64. Ra8 Ke4 65. Ra5 d4 66. cxd4
exd4 67. Ra3 Rg1+ 68. Kd2 Rc7 69. Ra5 Rg2 70. f3+ Kd5 71. Rxb5+ Kc6 72. Rc5+
Kb6 73. Rb5+ Kc6 74. Rc5+ Kd6 75. Rxc7 Kxc7 76. a4 Kc6 77. a5 Rh2 78. b5+ Kc5
79. b6 Kc6 80. Kd3 Kb7 81. h5 Rxh5 82. a6+ Kxa6 83. Kxd4+ Kxb6 84. Ke4 Rh4 85.
Bc4 Rh6 86. Ke5 Rh5+ 87. Ke4 Ra5 88. Bd3 Ra3 89. Bc2 Rc3 90. Bb1 Rb3 91. Bc2
Rb2 92. Bd3 Rb3 93. Bc2 Rb2 94. Bd3 Rb3 95. Bc2 Rc3 96. Bb1 Rc1 97. Bd3 Rd1 98.
Bc2 Rd2 99. Bb1 Rb2 100. Bd3 Rb3 101. Bc2 1/2-1/2

[Event "SR 2. liga A 2016/2017"]
[Site "?"]
[Date "2016.10.08"]
[Round "1.4"]
[White "Krajnak, Robert"]
[Black "Zigo, Rastislav"]
[Result "1-0"]
[WhiteElo "2070"]
[BlackElo "1999"]
[PlyCount "138"]
[EventDate "2016.??.??"]

1. c4 e5 2. Nc3 Nf6 3. Nf3 d6 4. d3 Be7 5. g3 O-O 6. Bg2 Nc6 7. O-O Bg4 8. h3
Bd7 9. Rb1 a5 10. a3 Qc8 11. Kh2 Ne8 12. b4 axb4 13. axb4 f5 14. b5 Nb8 15. Nd5
Bd8 16. Qb3 Kh8 17. Bd2 Nf6 18. Ra1 Rxa1 19. Rxa1 c6 20. bxc6 bxc6 21. Nb6 Qb7
22. Rb1 Qxb6 23. Qxb6 Bxb6 24. Rxb6 Rc8 25. Bc1 Be8 26. Nd2 d5 27. Bb2 Nbd7 28.
Rb7 e4 29. Nb3 h6 30. dxe4 fxe4 31. cxd5 cxd5 32. Nd4 Rb8 33. Rxb8 Nxb8 34. Nf5
Kh7 35. Ne7 Bf7 36. f3 Nbd7 37. Bd4 g5 38. Kg1 Be6 39. Kf2 h5 40. Be3 g4 41.
fxg4 hxg4 42. h4 Kg7 43. Bd4 Kf7 44. Nc6 Kg6 45. Ne5+ Nxe5 46. Bxe5 Kf5 47. Bd4
Nh5 48. e3 Kg6 49. Bf1 Kf7 50. Bb5 Ke7 51. Bc6 Bf7 52. Bb7 Be6 53. Be5 Nf6 54.
Ke2 Nd7 55. Bd4 Kd6 56. Kd2 Nb8 57. Kc3 Nc6 58. Bf6 Bf5 59. Bg7 Ne7 60. Bf8 Kc7
61. Bxe7 Kxb7 62. Kd4 Kc6 63. Ke5 Bg6 64. Kf4 Bh5 65. Kg5 Kd7 66. Kxh5 Kxe7 67.
Kxg4 Ke6 68. Kf4 Kf6 69. g4 Ke6 1-0

[Event "SR 2. liga A 2016/2017"]
[Site "?"]
[Date "2016.10.08"]
[Round "1.4"]
[White "Horecky, Peter"]
[Black "Polacik, Igor"]
[Result "0-1"]
[WhiteElo "2029"]
[BlackElo "2165"]
[PlyCount "212"]
[EventDate "2016.??.??"]

1. d4 Nf6 2. Nf3 g6 3. g3 Bg7 4. Bg2 O-O 5. O-O d6 6. c4 Nc6 7. h3 e5 8. Nc3 e4
9. Ng5 h6 10. d5 hxg5 11. dxc6 bxc6 12. Nxe4 Nxe4 13. Bxe4 Bxh3 14. Re1 Bd7 15.
Rb1 Bf6 16. Qc2 Kg7 17. Be3 Qe7 18. Kg2 Rae8 19. Bd3 Qe6 20. Rh1 c5 21. Bd2 Rh8
22. Rxh8 Rxh8 23. Rh1 Rxh1 24. Kxh1 Bd4 25. e3 Bc6+ 26. Kg1 Be5 27. Bc3 Bxc3
28. Qxc3+ Qf6 29. f4 Qxc3 30. bxc3 Kf6 31. Kf2 Bd7 32. Kf3 gxf4 33. exf4 Bc8
34. Ke3 Bf5 35. Be2 Ke7 36. Bd1 f6 37. Bf3 Bc8 38. Be4 g5 39. Bf3 Be6 40. Kd3
Kd7 41. Bd1 c6 42. a3 Kc7 43. Bf3 d5 44. Be2 gxf4 45. gxf4 Kd6 46. Ke3 Bf5 47.
Bf1 Ke7 48. Be2 Kf8 49. Bd1 Bc8 50. Bf3 Bb7 51. Be2 Ba6 52. Kf3 Kf7 53. Kg4
Bc8+ 54. Kf3 Ke6 55. Ke3 Kd6 56. Bd3 Kc7 57. Be2 Ba6 58. Kd2 Kb6 59. Kc2 Ka5
60. Kb3 Bc8 61. Bf3 Be6 62. Kb2 d4 63. Bxc6 Bxc4 64. cxd4 cxd4 65. Bf3 Kb5 66.
Kc2 Kc5 67. Be4 Bb5 68. Bf3 Bc6 69. Be2 Be4+ 70. Kd2 Kd5 71. Ba6 Bf5 72. Bb7+
Kc4 73. Bc6 Kb3 74. a4 a5 75. Bb5 Kb4 76. Bc6 Kc4 77. Bf3 Kc5 78. Bd1 Be4 79.
Bh5 Bc6 80. Bd1 Bd7 81. Kd3 Bf5+ 82. Kd2 Kd5 83. Bf3+ Be4 84. Bh5 Bg2 85. Bg6
Bf1 86. Bf5 Bc4 87. Bg6 Ke6 88. Bh7 Kd6 89. Bc2 Kc5 90. Bf5 Bb3 91. Bd7 Kd5 92.
Kd3 Bc4+ 93. Kd2 Ke4 94. f5 Ke5 95. Kc2 Bd5 96. Kd3 Bb3 97. Kd2 Bc4 98. Kc2 Kd6
99. Be8 Kc5 100. Bd7 Kd6 101. Be8 Ke5 102. Bd7 Ke4 103. Be6 Ba6 104. Kd2 Bf1
105. Bd7 Bh3 106. Bc6+ Ke5 0-1

[Event "SR 2. liga A 2016/2017"]
[Site "?"]
[Date "2016.10.08"]
[Round "1.5"]
[White "Bronis, Marian"]
[Black "Takacs, Laszlo"]
[Result "0-1"]
[WhiteElo "2129"]
[BlackElo "2184"]
[PlyCount "68"]
[EventDate "2016.??.??"]

1. d4 Nf6 2. c4 g6 3. Nc3 d5 4. Nf3 Bg7 5. Qa4+ c6 6. cxd5 Nxd5 7. e4 Nb6 8.
Qc2 Bg4 9. Be3 Bxf3 10. gxf3 N8d7 11. O-O-O Nf6 12. Be2 Qc7 13. Kb1 Nh5 14. e5
O-O-O 15. Qb3 Qd7 16. Ne4 Nd5 17. e6 Qc7 18. Ng5 f5 19. f4 Nhxf4 20. Bf3 h6 21.
Nf7 Nxe6 22. Nxh8 Bxh8 23. Bxh6 Nxd4 24. Qa3 Nxf3 25. Qxf3 Qb6 26. Rd2 Nc3+ 27.
Ka1 Na4 28. Rxd8+ Kxd8 29. Qb3 Bxb2+ 30. Kb1 Bf6 31. Be3 Nc3+ 32. Kc2 Qa6 33.
Re1 Nd5 34. Bc5 Qa5 0-1

[Event "SR 2. liga A 2016/2017"]
[Site "?"]
[Date "2016.10.08"]
[Round "1.5"]
[White "Darazs, Zoltan"]
[Black "Sukuba, Zdeno"]
[Result "1/2-1/2"]
[WhiteElo "2138"]
[BlackElo "2125"]
[PlyCount "118"]
[EventDate "2016.??.??"]

1. e4 c6 2. d4 d5 3. Nc3 dxe4 4. Nxe4 Bf5 5. Ng3 Bg6 6. h4 h6 7. Nf3 Nd7 8. h5
Bh7 9. Bd3 Bxd3 10. Qxd3 e6 11. Bd2 Ngf6 12. O-O-O Be7 13. Ne4 Qb6 14. Ne5 Rd8
15. Nc4 Qc7 16. g3 b5 17. Na5 a6 18. Nb3 Nxe4 19. Qxe4 Nf6 20. Qe2 Rd5 21. f4
c5 22. dxc5 Bxc5 23. g4 Nh7 24. Qg2 O-O 25. g5 hxg5 26. fxg5 Rc8 27. g6 Nf8 28.
gxf7+ Qxf7 29. Rdf1 Rf5 30. Bc3 Be3+ 31. Kb1 Bh6 32. Rxf5 exf5 33. Rg1 Ne6 34.
Nd4 Nf4 35. Qf3 Qxh5 36. Qxh5 Nxh5 37. Nxf5 Kh7 38. Rh1 g6 39. Nxh6 Kxh6 40.
Rd1 Rc6 41. Rd5 Nf6 42. Bd2+ Kg7 43. Rd4 Kf7 44. a4 bxa4 45. Rxa4 Ke6 46. Ra5
Ne4 47. Bf4 Nd6 48. b3 Nf5 49. c4 Kf6 50. Be5+ Ke6 51. Bc3 Kd7 52. Kc2 Re6 53.
b4 Rc6 54. Kb3 Nd6 55. Rd5 Kc8 56. c5 Nb5 57. Rg5 Re6 58. Be5 Kd7 59. Kc4 Kc6
1/2-1/2

[Event "SR 2. liga A 2016/2017"]
[Site "?"]
[Date "2016.10.08"]
[Round "1.5"]
[White "Biro, Karol"]
[Black "Marosi, Csaba"]
[Result "1-0"]
[WhiteElo "2086"]
[BlackElo "2000"]
[PlyCount "105"]
[EventDate "2016.??.??"]

1. Nf3 c5 2. g3 b6 3. Bg2 Bb7 4. O-O e6 5. c4 Qc7 6. Nc3 a6 7. b3 Nf6 8. Bb2 d6
9. d4 cxd4 10. Nxd4 Bxg2 11. Kxg2 Nbd7 12. e4 Qb7 13. Qe2 Be7 14. f3 Rc8 15.
Rad1 O-O 16. Rd2 Rfe8 17. Nc2 Nc5 18. Rfd1 Bf8 19. Ne3 Rb8 20. h3 b5 21. Ng4
Nxg4 22. hxg4 b4 23. Nb1 a5 24. Bd4 Nd7 25. Be3 Qc6 26. Bf4 e5 27. Be3 a4 28.
Rc2 Ra8 29. Rd5 Reb8 30. Nd2 Nf6 31. Rd3 Ra6 32. c5 dxc5 33. Nc4 Qe6 34. Rcd2
axb3 35. axb3 Rba8 36. g5 Ne8 37. Rd5 f6 38. Qd3 Ra2 39. Bxc5 Bxc5 40. Rxc5 Qa6
41. gxf6 gxf6 42. f4 exf4 43. gxf4 Rxd2+ 44. Qxd2 Qa1 45. Ne3 Ra2 46. Nc2 Qb1
47. Rc8 Qxb3 48. Rxe8+ Kf7 49. Qd7+ Kg6 50. Qf5+ Kf7 51. Qh5+ Kg7 52. Re7+ Kf8
53. Qe8# 1-0

[Event "SR 2. liga A 2016/2017"]
[Site "?"]
[Date "2016.10.08"]
[Round "1.5"]
[White "Cibulka, Vladimir"]
[Black "Janos, Ivan"]
[Result "1-0"]
[WhiteElo "2157"]
[BlackElo "2032"]
[PlyCount "128"]
[EventDate "2016.??.??"]

1. d4 c5 2. d5 Nf6 3. Nc3 g6 4. e4 d6 5. Nf3 a6 6. a4 Bg4 7. Be2 Bxf3 8. Bxf3
Nbd7 9. O-O Bg7 10. g3 O-O 11. Bg2 Rb8 12. Qe2 Qc7 13. a5 Rbc8 14. f4 Nh5 15.
Be3 Bd4 16. Qd3 Bxe3+ 17. Qxe3 Ng7 18. Bh3 Rb8 19. Na4 b5 20. axb6 Nxb6 21.
Nxb6 Rxb6 22. b3 Rfb8 23. Ra4 a5 24. Rfa1 Ra8 25. Bf1 Rb4 26. Bc4 Ne8 27. Qe2
Rxa4 28. Rxa4 Rb8 29. Kg2 Qb6 30. Qd2 Ra8 31. Qe3 Ng7 32. b4 Qc7 33. bxc5 dxc5
34. Bb5 Qb6 35. Bc6 Qb1 36. Qxc5 Rb8 37. Rxa5 Qe1 38. Ra4 h5 39. Qf2 Qc3 40.
Ra8 Rxa8 41. Bxa8 h4 42. Bc6 Nh5 43. Bb5 Nf6 44. Qe2 Nh5 45. Bd3 Qc8 46. f5
hxg3 47. hxg3 Nf6 48. fxg6 fxg6 49. Qf3 Qc3 50. Qe2 Qe5 51. Qf3 Nh5 52. Qg4 Kg7
53. c4 Qd4 54. Qf3 Nf6 55. Qe2 Nd7 56. Qc2 Nc5 57. Be2 Nxe4 58. Bd3 Nd6 59. Qe2
Nc8 60. Qe4 Qb2+ 61. Kh3 Qf6 62. c5 g5 63. Qh7+ Kf8 64. Qf5 Kf7 1-0

[Event "SR 2. liga A 2016/2017"]
[Site "?"]
[Date "2016.10.08"]
[Round "1.5"]
[White "Mandak, Miroslav"]
[Black "Veselsky, Jozef"]
[Result "1/2-1/2"]
[WhiteElo "2010"]
[BlackElo "2072"]
[PlyCount "120"]
[EventDate "2016.??.??"]

1. Nf3 d5 2. c4 c6 3. b3 Nf6 4. Bb2 e6 5. e3 Bd6 6. Be2 O-O 7. O-O Qe7 8. d4
Nbd7 9. cxd5 exd5 10. a4 Ne4 11. Qc1 a5 12. Ba3 Bb4 13. Ne1 Ndf6 14. Nd3 Bxa3
15. Rxa3 Bf5 16. Ra2 Rfe8 17. Nd2 Qc7 18. h3 Ng5 19. Nf4 Re7 20. Bd3 Nge4 21.
Nxe4 Nxe4 22. Rc2 Qd7 23. Qd1 Rae8 24. Ne2 Qd6 25. Bxe4 Bxe4 26. Rd2 Re6 27.
Ng3 Rg6 28. Nxe4 Rxe4 29. Rd3 Qe6 30. Kh2 h5 31. Qd2 Qd6+ 32. f4 h4 33. Rf3 Qd8
34. b4 axb4 35. Qxb4 b6 36. Qa3 Qa8 37. Qb3 Qa5 38. Rc3 Re8 39. Qc2 Qa8 40. Qb3
Rb8 41. Qc2 Re8 42. Qb3 c5 43. dxc5 d4 44. Rc2 bxc5 45. exd4 cxd4 46. Qc4 Qe4
47. Qd3 Qd5 48. Rc4 Re3 49. Rc8+ Kh7 50. Qf1 Qe4 51. Qf2 Rg3 52. Rxe3 Qxe3 53.
Qxe3 Rxe3 54. Rd8 Re4 55. f5 Kh6 56. a5 Kg5 57. a6 Re7 58. Rxd4 Ra7 59. Rg4+
Kf6 60. Rxh4 Rxa6 1/2-1/2

[Event "SR 2. liga A 2016/2017"]
[Site "?"]
[Date "2016.10.08"]
[Round "1.5"]
[White "Merva, Frantisek"]
[Black "Kohlmann, Robert"]
[Result "1-0"]
[WhiteElo "2100"]
[BlackElo "2115"]
[PlyCount "63"]
[EventDate "2016.??.??"]

1. d4 d6 2. Nf3 g6 3. c4 Bg7 4. Nc3 Nf6 5. e4 O-O 6. Be2 e5 7. O-O Nc6 8. d5
Ne7 9. Ne1 Ne8 10. Nd3 f5 11. f3 f4 12. c5 g5 13. cxd6 cxd6 14. g4 fxg3 15.
hxg3 Ng6 16. Be3 Nf4 17. Rc1 Qf6 18. gxf4 gxf4 19. Rf2 fxe3 20. Rh2 Qg5+ 21.
Kh1 Nf6 22. Qg1 Qxg1+ 23. Kxg1 Bd7 24. Nd1 Rac8 25. Nxe3 Rxc1+ 26. Nxc1 Rc8 27.
Nb3 b5 28. Bf1 h5 29. Bh3 Bxh3 30. Rxh3 Bh6 31. Nf5 Bf4 32. Ne7+ 1-0